00445nam a2200157Ia 4500003000400000005001700004008004100021020001800062040002900080050002300109100002500132245005400157260004000211300002100251650001500272OSt20240919111557.0221021s9999||||xx |||||||||||||| ||und|| a0-393-97587-8 cChuka University Library aBF 121 b.G39 2003 aGazzaniga, Michael.S 0aPsychological Science: Mind, Brain, and Behavior/ aNorton and companyb New Yorkc2003 avarious pagings  2Psychology